Towards a digital renaissance : (Record no. 21587)

MARC details
000 -LEADER
fixed length control field 00737nam a22002177a 4500
003 - CONTROL NUMBER IDENTIFIER
control field OSt
008 - FIXED-LENGTH DATA ELEMENTS--GENERAL INFORMATION
fixed length control field 260305b2022 |||||||| |||| 00| 0 eng d
020 ## - INTERNATIONAL STANDARD BOOK NUMBER
International Standard Book Number 9781800815155
082 ## - DEWEY DECIMAL CLASSIFICATION NUMBER
Classification number 303.4834
Item number SIL-T
100 ## - MAIN ENTRY--PERSONAL NAME
Personal name Silver, Jeremy
245 ## - TITLE STATEMENT
Title Towards a digital renaissance :
Remainder of title the evolution of creativity, values and business from cyberspace to the metaverse /
Statement of responsibility, etc Jeremy Silver
260 ## - PUBLICATION, DISTRIBUTION, ETC. (IMPRINT)
Place of publication, distribution, etc London :
Name of publisher, distributor, etc Profile Editions,
Date of publication, distribution, etc 2022.
300 ## - PHYSICAL DESCRIPTION
Extent / Pages 280 p. ;
650 ## - SUBJECT ADDED ENTRY--TOPICAL TERM
Topical term or geographic name as entry element Digital transformation
650 ## - SUBJECT ADDED ENTRY--TOPICAL TERM
Topical term or geographic name as entry element Information technology Social aspects
650 ## - SUBJECT ADDED ENTRY--TOPICAL TERM
Topical term or geographic name as entry element Creative industries Technological innovations
650 ## - SUBJECT ADDED ENTRY--TOPICAL TERM
Topical term or geographic name as entry element Virtual reality Social aspects
650 ## - SUBJECT ADDED ENTRY--TOPICAL TERM
Topical term or geographic name as entry element Metaverse
650 ## - SUBJECT ADDED ENTRY--TOPICAL TERM
Topical term or geographic name as entry element Technology and civilization
942 ## - ADDED ENTRY ELEMENTS (KOHA)
Source of classification or shelving scheme
Koha item type Books
Holdings
Withdrawn status Lost status Source of classification or shelving scheme Damaged status Not for loan Collection code Home library Current library Date acquired Source of acquisition Currency Cost, normal purchase price Full call number Barcode Date last seen Copy number Bill Date Koha item type Bill Number
          Design Thinking & Innovation SOBD Library SOBD Library 17/02/2026 All India Book House INR 899.00 303.4834 SIL-T1 008369 05/03/2026 1 17/02/2026 Reference Books NA/IN/1929
            SOBD Library SOBD Library 17/02/2026 All India Book House INR 899.00 303.4834 SIL-T2 008370 05/03/2026 2 17/02/2026 Books NA/IN/1929
            SOBD Library SOBD Library 17/02/2026 All India Book House INR 899.00 303.4834 SIL-T3 008371 05/03/2026 3 17/02/2026 Books NA/IN/1929
Hosted, Implemented, Customized & Maintained by: BestBookBuddies

Powered by Koha